| 000 | 00979nam0a22002651 4500 | ||
|---|---|---|---|
| 001 | rc\4114273 | ||
| 005 | 20130415171813.9 | ||
| 021 |
_aRU _b[56-55039] |
||
| 035 | _a(NLR Aleph) 007979058 | ||
| 090 |
_a8508219 _c8508219 |
||
| 100 | _a20130415d1956 |||y0rusy50 ca | ||
| 101 | 1 |
_arus _cchv |
|
| 102 | _aRU | ||
| 105 | _ay z |||a| | ||
| 200 | 1 |
_aДед Кельбук _eПоэма _fАвториз. пер. с чуваш. Л. Пеньковского и Н. Чуковского |
|
| 210 |
_aМосква _cГослитиздат _d1956 |
||
| 215 |
_a175 с. _d17 |
||
| 700 | 1 |
_aУхсай _bЯ. Г. _f1911-1986 _gЯков Гаврилович _3RU\NLR\AUTH\770173815 |
|
| 702 | 1 |
_aЧуковский _bН. К. _f1904-1965 _gНиколай Корнеевич _3RU\NLR\auth\7770798 _4730 |
|
| 702 | 1 |
_aПеньковский _bЛ. М. _gЛев Минаевич _4730 |
|
| 801 | 0 |
_aRU _bNLR _gpsbo |
|
| 801 | 1 |
_aRU _bELAR _2rusmarc |
|
| 852 |
_aNLR _jЛ40 Г-1/1249 |
||
| 942 | _cBOOK | ||
| 980 | _aNB | ||